000 00502nam a2200181Ia 4500
005 20250317123406.0
008 008 250317s9999 xx 000 0 eng d
037 _aTextbook
040 _aFMSL
_beng
_cFMSL
041 _aeng
_2eng
084 _aB2891 K9
_qFMSL
100 _aBlaquiere A
_9735622
245 0 _aQuantitative and qualitative games
260 _aLondon
_bLondon, Academis
_c1969
300 _a172p
942 _cTB
_hB2891 K9
999 _c1251077
_d1251077